[Event "SLO-ch U16"]
[Site "Sentjur"]
[Date "2005.03.03"]
[Round "8"]
[White "Kopinsek, Borut"]
[Black "Pavsic, Andrej"]
[Result "0-1"]
[WhiteElo "1500"]
[BlackElo "1554"]
[PlyCount "88"]
[EventDate "2005.02.26"]
[EventType "swiss"]
[EventRounds "9"]
[EventCountry "SLO"]
[SourceTitle "CBM 105 Extra"]
[Source "ChessBase"]
[SourceDate "2005.05.01"]
[SourceVersion "1"]
[SourceVersionDate "2005.05.01"]
[SourceQuality "1"]

1. e4 e5 2. Nf3 Nc6 3. d4 exd4 4. Nxd4 Bc5 5. Nxc6 bxc6 6. Bc4 d6 7. 0-0 Ne7 8. Nc3 0-0 9. Re1 Be6 10. Qd3 Ng6 11. Na4 Bb6 12. Nxb6 axb6 13. Re3 Ne5 14. Qd4 Nxc4 15. Rg3 f6 16. Bh6 Rf7 17. b3 c5 18. Qc3 Ne5 19. f4 Ng4 20. f5 Nxh6 21. fxe6 Rf8 22. Qc4 Qe7 23. Rf1 Rae8 24. Re3 Qxe6 25. Qd3 Nf7 26. h3 Ne5 27. Qd5 Qxd5 28. exd5 Kf7 29. g4 Re7 30. g5 Ng6 31. Rxe7+ Kxe7 32. gxf6+ Rxf6 33. c4 Rxf1+ 34. Kxf1 Kf6 35. Kg2 Ne5 36. Kg3 Kf5 37. h4 h6 38. Kh3 g5 39. hxg5 hxg5 40. Kg3 Ke4 41. Kh3 Kf3 42. Kh2 g4 43. Kg1 Kg3 44. a3 Nf3+ 0-1

[Event "SLO-ch U16"]
[Site "Sentjur"]
[Date "2005.02.27"]
[Round "2"]
[White "Kranjec, Primoz"]
[Black "Kopinsek, Borut"]
[Result "1-0"]
[WhiteElo "1977"]
[BlackElo "1500"]
[PlyCount "95"]
[EventDate "2005.02.26"]
[EventType "swiss"]
[EventRounds "9"]
[EventCountry "SLO"]
[SourceTitle "CBM 105 Extra"]
[Source "ChessBase"]
[SourceDate "2005.05.01"]
[SourceVersion "1"]
[SourceVersionDate "2005.05.01"]
[SourceQuality "1"]

1. e4 e5 2. Nf3 Nc6 3. Bb5 Nf6 4. 0-0 Bd6 5. Bxc6 bxc6 6. d4 exd4 7. e5 Ba6 8. Re1 0-0 9. exd6 cxd6 10. Bg5 Re8 11. Rxe8+ Qxe8 12. Bxf6 gxf6 13. Nxd4 c5 14. Qg4+ Kh8 15. Nf3 Qe2 16. Nbd2 Bb7 17. Re1 Bxf3 18. Nxf3 Qxc2 19. Qe4 Qxe4 20. Rxe4 Rb8 21. Re2 Kg7 22. h3 Kg6 23. Nh4+ Kg5 24. g3 f5 25. Rd2 h5 26. f4+ Kf6 27. Rxd6+ Kg7 28. Nxf5+ Kf8 29. b3 Ke8 30. Rh6 f6 31. Rh8+ Kf7 32. Rxb8 Ke6 33. Re8+ Kxf5 34. Kf2 d5 35. Kf3 d4 36. g4+ hxg4+ 37. hxg4+ Kg6 38. Rc8 d3 39. Rd8 d2 40. Rxd2 f5 41. Rd6+ Kf7 42. gxf5 Ke7 43. Rc6 Kd7 44. f6 Ke8 45. Ke4 Kf7 46. Kf5 Ke8 47. Ke6 Kd8 48. f7 1-0